[Event "Bergen Sommer op-B"]
[Site "Bergen"]
[Date "2008.08.07"]
[Round "5"]
[White "Nordboe, Joachim"]
[Black "Rasmussen, Jonas H"]
[Result "1-0"]
[WhiteElo "1266"]
[BlackElo "971"]
[PlyCount "85"]
[EventDate "2008.08.03"]
[EventType "swiss"]
[EventRounds "6"]
[EventCountry "NOR"]
[SourceTitle "EXT 2010"]
[Source "ChessBase"]
[SourceDate "2010.11.25"]
[SourceVersion "1"]
[SourceVersionDate "2010.11.25"]
[SourceQuality "1"]

1. e4 e5 2. Nf3 Nc6 3. Bb5 a6 4. Ba4 Be7 5. d4 exd4 6. Nxd4 Nxd4 7. Qxd4 b5 8. Bb3 Nf6 9. e5 Ng8 10. Bxf7+ Kf8 11. Bd5 Bg5 12. Bxg5 Qxg5 13. Bxa8 Qc1+ 14. Qd1 Qxd1+ 15. Kxd1 c6 16. Nd2 Ne7 17. Ne4 Nd5 18. Nd6 Ke7 19. Kd2 Nb6 20. Nxc8+ Rxc8 21. Bb7 Rf8 22. Rhf1 a5 23. Rad1 Kd8 24. Kc1 Kc7 25. Ba6 Nc4 26. Rde1 Kb6 27. b3 Na3 28. Kb2 Nxc2 29. Kxc2 Kxa6 30. Rd1 Rf7 31. Rd6 Re7 32. f4 g6 33. Rfd1 Rf7 34. g3 b4 35. Rxd7 Rf8 36. Rxh7 Rg8 37. Rdd7 Kb6 38. Kd3 Kc5 39. Ra7 Rd8+ 40. Rhd7 Rb8 41. Rxa5+ Kb6 42. Rda7 Rd8+ 43. Kc4 1-0

[Event "Bergen Sommer op-B"]
[Site "Bergen"]
[Date "2008.08.04"]
[Round "2"]
[White "Nordboe, Joachim"]
[Black "Hansen, Harald"]
[Result "1/2-1/2"]
[WhiteElo "1266"]
[BlackElo "987"]
[PlyCount "77"]
[EventDate "2008.08.03"]
[EventType "swiss"]
[EventRounds "6"]
[EventCountry "NOR"]
[SourceTitle "EXT 2010"]
[Source "ChessBase"]
[SourceDate "2010.11.25"]
[SourceVersion "1"]
[SourceVersionDate "2010.11.25"]
[SourceQuality "1"]

1. e4 d5 2. e5 c5 3. b3 Nc6 4. Bb5 Bd7 5. Bb2 d4 6. Nf3 f6 7. Qe2 Qc7 8. e6 Bc8 9. 0-0 a6 10. Bd3 Nb4 11. Bf5 g6 12. a3 Nd5 13. Bh3 Nf4 14. Qe4 Nxh3+ 15. gxh3 Bh6 16. Re1 Bf4 17. c3 Qd6 18. cxd4 f5 19. Qe2 Nf6 20. dxc5 Qxc5 21. Nc3 b6 22. Rac1 Qd6 23. Qc4 Bb7 24. Ne2 Bxf3 25. Qxf4 Qxf4 26. Nxf4 0-0 27. Rc7 Rfe8 28. Re3 Nd5 29. Nxd5 Bxd5 30. Bd4 Rac8 31. Bxb6 Rxc7 32. Bxc7 Rc8 33. Rc3 Bxe6 34. Be5 Rxc3 35. dxc3 Bxb3 36. f4 Kf7 37. Kf2 Ke6 38. Ke3 Kd5 39. h4 1/2-1/2

[Event "Barents Region-chB"]
[Site "Arta"]
[Date "2004.06.18"]
[Round "2"]
[White "Rasmussen, Egil"]
[Black "Nordboe, Joachim"]
[Result "1-0"]
[WhiteElo "1301"]
[BlackElo "1328"]
[PlyCount "29"]
[EventDate "2004.06.18"]
[EventType "swiss"]
[EventRounds "6"]
[EventCountry "NOR"]
[SourceTitle "EXT 2007"]
[Source "ChessBase"]
[SourceDate "2006.11.23"]
[SourceVersion "1"]
[SourceVersionDate "2006.11.23"]
[SourceQuality "1"]

1. e4 c5 2. Nf3 Nc6 3. Nc3 e6 4. d4 cxd4 5. Nxd4 Nf6 6. Bg5 Bc5 7. Nxc6 bxc6 8. e5 Qb6 9. exf6 Bxf2+ 10. Kd2 gxf6 11. Bh6 Rg8 12. Qe2 Rg5 13. Bxg5 fxg5 14. Ne4 Be3+ 15. Qxe3 1-0